Qualitative methodology : (Record no. 19237)
[ view plain ]
| 000 -LEADER | |
|---|---|
| fixed length control field | 00903cam a22002655a 4500 |
| 001 - CONTROL NUMBER | |
| control field | 17718767 |
| 005 - DATE AND TIME OF LATEST TRANSACTION | |
| control field | 20150428153023.0 |
| 008 - FIXED-LENGTH DATA ELEMENTS--GENERAL INFORMATION | |
| fixed length control field | 130430s2014 cauako frbd 001 0 eng d |
| 020 ## - INTERNATIONAL STANDARD BOOK NUMBER | |
| International Standard Book Number | 9781446248973 (c) |
| 020 ## - INTERNATIONAL STANDARD BOOK NUMBER | |
| International Standard Book Number | 9781446248980 (p) |
| 040 ## - CATALOGING SOURCE | |
| Original cataloging agency | DLC |
| Transcribing agency | DLC |
| Modifying agency | EG-ScBUE |
| 082 00 - DEWEY DECIMAL CLASSIFICATION NUMBER | |
| Edition number | 22 |
| Item number | QUA |
| Classification number | 300.72 |
| 245 00 - TITLE STATEMENT | |
| Title | Qualitative methodology : |
| Remainder of title | a practical guide / |
| Statement of responsibility, etc | [edited by] Jane Mills, Melanie Birks. |
| 260 ## - PUBLICATION, DISTRIBUTION, ETC. (IMPRINT) | |
| Place of publication, distribution, etc | Los Angeles : |
| Name of publisher, distributor, etc | SAGE, |
| Date of publication, distribution, etc | 2014. |
| 300 ## - PHYSICAL DESCRIPTION | |
| Extent | xviii, 266 p. : |
| Other physical details | forms, photographs, tables ; |
| Dimensions | 23 cm. |
| 500 ## - GENERAL NOTE | |
| General note | Glossary : p. 257-260. |
| 500 ## - GENERAL NOTE | |
| General note | Index : p. 261-265. |
| 504 ## - BIBLIOGRAPHY, ETC. NOTE | |
| Bibliography, etc | Includes bibliographical references. |
| 650 #7 - SUBJECT ADDED ENTRY--TOPICAL TERM | |
| Source of heading or term | BUEsh |
| 9 (RLIN) | 20647 |
| Topical term or geographic name as entry element | Social sciences |
| General subdivision | Research |
| -- | Methodology. |
| 653 ## - INDEX TERM--UNCONTROLLED | |
| Resource For college | Communication and mass media |
| Arrived date list | April2015 |
| 655 ## - INDEX TERM--GENRE/FORM | |
| Form subdivision | |
| -- | 34232 |
| 700 1# - ADDED ENTRY--PERSONAL NAME | |
| Personal name | Mills, Jane, |
| Relator term | editor. |
| 9 (RLIN) | 37770 |
| 700 1# - ADDED ENTRY--PERSONAL NAME | |
| Personal name | Birks, Melanie, |
| Relator term | editor. |
| 9 (RLIN) | 37771 |
| 942 ## - ADDED ENTRY ELEMENTS (KOHA) | |
| Source of classification or shelving scheme | Dewey Decimal Classification |
| Call number prefix | 300.72 QUA |
| Withdrawn status | Item status | Source of classification or shelving scheme | Damaged status | Not for loan | Vendor | Home library | Current library | Shelving location | Date acquired | Source of acquisition | Cost, normal purchase price | Serial Enumeration / chronology | Total Checkouts | Total Renewals | Full call number | Barcode | Date last seen | Date last borrowed | Cost, replacement price | Koha item type |
|---|---|---|---|---|---|---|---|---|---|---|---|---|---|---|---|---|---|---|---|---|
| Dewey Decimal Classification | Alahram | Central Library | Central Library | First floor | 28/04/2015 | 336.00 | 331 | 4 | 14 | 300.72 QUA | 000038087 | 15/07/2025 | 11/03/2020 | 420.00 | Book - Borrowing |